00329nam a2200109Ia 4500008004100000082002000041100001900061245002400080260002400104630001800128650007300146211122s9999||||xx |||||||||||||| ||und|| a894.8123bPAD-N aPadmanabhan, T 0aNingale Enikkariyam bD C BooksaKottayam xGeneral Stack aMalayalam LiteraturevMalayalam FictionMalayalam NovelsShort Stories